Les artistes les plus écoutés sur Deezer en 2024 dans le monde - Statistiques

Statistiques générales
  • Ce quiz a été pris 109 fois
  • Le résultat moyen est 4 sur 10
Statistiques - réponses
Classement Artiste % Correct
1 Taylor Swift
83%
6 Beyoncé
62%
10 Rihanna
53%
3 The Weeknd
50%
9 Ariana Grande
47%
8 Dua Lipa
27%
4 Billie Eilish
26%
7 Coldplay
21%
2 David Guetta
17%
5 Imagine Dragons
10%
Aucun quiz correspondant
Distribution des résultats
% des personnes avec chaque résultat
Percentile par nombre de réponses
Votre historique - résultats
Vous n’avez pas pris ce quiz